Research opportunities in corrosion science and engineering : Committee on Research Opportunities in Corrosion Science and Engineering, National Materials Advisory Board, Division on Engineering and Physical Sciences, National Research Council of the National Academies.

"[This book] identifies grand challenges for the corrosion research community, highlights research opportunities in corrosion science and engineering, and posits a national strategy for corrosion research. It is a logical and necessary complement to the recently published book, Assessment of co...

Full description

Bibliographic Details
Corporate Authors: National Research Council (U.S.). Committee on Research Opportunities in Corrosion Science and Engineering, National Research Council (U.S.). National Materials Advisory Board, National Academies Press (U.S.)
Format: Book
Language:English
Published: Washington, D.C. : National Academies Press, [2011]
Subjects:
Online Access:http://books.nap.edu/catalog.php?record_id=13032

MARC

Tag First Indicator Second Indicator Subfields
LEADER 00000cam a2200000 a 4500
001 in00002686921
005 20151202120632.0
008 101119s2011 dcua b 000 0 eng c
020 |a 0309162866 
020 |a 9780309162869 
035 |a (OCoLC)ocn682281461 
035 |a (OCoLC)682281461 
040 |a YDXCP  |c YDXCP  |d NRZ  |d UPM  |d UtOrBLW 
042 |a pcc 
049 |a TXAM 
050 4 |a TA462  |b .N327 2011 
110 2 |a National Research Council (U.S.).  |b Committee on Research Opportunities in Corrosion Science and Engineering. 
245 1 0 |a Research opportunities in corrosion science and engineering :  |b Committee on Research Opportunities in Corrosion Science and Engineering, National Materials Advisory Board, Division on Engineering and Physical Sciences, National Research Council of the National Academies. 
246 3 0 |a Corrosion science and engineering 
264 1 |a Washington, D.C. :  |b National Academies Press,  |c [2011] 
264 4 |c ©2011 
300 |a xv, 176 pages :  |b illustrations (chiefly color) ;  |c 26 cm. 
336 |a text  |b txt  |2 rdacontent 
337 |a unmediated  |b n  |2 rdamedia 
338 |a volume  |b nc  |2 rdacarrier 
504 |a Includes bibliographical references. 
520 |a "[This book] identifies grand challenges for the corrosion research community, highlights research opportunities in corrosion science and engineering, and posits a national strategy for corrosion research. It is a logical and necessary complement to the recently published book, Assessment of corrosion education, which emphasized that technical education must be supported by academic, industrial, and government research. Although the present report focuses on the government role, this emphasis does not diminish the role of industry or academia" --Publisher's web site. 
530 |a Also available in Open Book format via the National Academies Press home page. 
650 0 |a Corrosion and anti-corrosives  |x Research. 
650 0 |a Corrosion resistant materials  |x Research. 
710 2 |a National Research Council (U.S.).  |b National Materials Advisory Board. 
710 2 |a National Academies Press (U.S.) 
856 4 1 |u http://books.nap.edu/catalog.php?record_id=13032  |t 0 
938 |a YBP Library Services  |b YANK  |n 3538056 
945 |a PromptCat  |b 311435 
946 |a stk 
947 |a A14840624003 
994 |a 92  |b TXA 
948 |a Cataloged  |b h  |c 2011/4/15  |d c  |e EGrant 
999 |a MARS 
999 f f |s c77bc415-873c-3110-88ac-5428e2d33b3e  |i 060dcc7e-8a53-3399-96b2-6a50381f5d1b  |t 0 
952 f f |p normal  |a Texas A&M University  |b College Station  |c Sterling C. Evans Library  |d Evans: Library Stacks  |t 0  |e TA462 .N327 2011  |h Library of Congress classification  |i unmediated -- volume  |m A14840624003 
998 f f |a TA462 .N327 2011  |t 0  |l Evans: Library Stacks